Rukopisy Univerzitej knižnice v Bratislave

Bibliographic Details
Format: Article
Language:Slovak
Subjects:

MARC

LEADER 00000nab a2200000 a 4500
001 vtls010098847
003 SK-MaSNL
005 20260304032723.0
008 100524c1971 xo z p 0 slo
015 |a SNBRB1974  |2 snkbucl 
040 |a SNKBUCL  |b slo  |c SNKBUCL  |e AACR2 
041 0 |a slo 
044 |a xo  |c SK 
080 |a 027.54  |x (437.6)  |2 1997 
080 |a 091  |2 1997 
245 0 0 |a Rukopisy Univerzitej knižnice v Bratislave 
610 2 7 |a Univerzitná knižnica v Bratislave  |2 snkbucl  |9 192279 
650 0 7 |a rukopisy  |2 snkbucl  |9 1788 
773 0 |t Acta Universitatis Carolinae  |g Č. 1 (1971), s. 96 
850 |a Slovenská národná knižnica v Martine  |a MTA001 
852 |a SNK  |b KIS3GCP 
958 |a SK 
958 |a KL 
999 |c 2644621  |d 2646551